[Event "Hastings Masters op 98th"]
[Site "Hastings"]
[Date "2024.12.29"]
[Round "3"]
[White "Ahn, Sungmin"]
[Black "Choi, Hyunbin"]
[Result "1-0"]
[WhiteElo "1926"]
[BlackElo "1673"]
[PlyCount "29"]
[EventDate "2024.12.28"]
[EventType "swiss"]
[EventRounds "9"]
[EventCountry "ENG"]
[SourceTitle "CB02_2025"]
[SourceDate "2025.01.08"]
[SourceVersion "1"]
[SourceVersionDate "2025.01.08"]
[SourceQuality "1"]

1. e4 e5 2. Bc4 Nf6 3. d3 Nc6 4. Nf3 Bc5 5. c3 0-0 6. 0-0 d5 7. exd5 Nxd5 8. Nbd2 a5 9. Re1 Re8 10. a4 Bg4 11. Qb3 Be6 12. Nxe5 Qf6 13. Nef3 Qd8 14. Ne4 Bb6 15. Neg5 1-0

[Event "Hastings Masters op 98th"]
[Site "Hastings"]
[Date "2024.12.28"]
[Round "1"]
[White "Sasikumar, Srivathsan"]
[Black "Choi, Hyunbin"]
[Result "1-0"]
[WhiteElo "1904"]
[BlackElo "1673"]
[PlyCount "73"]
[EventDate "2024.12.28"]
[EventType "swiss"]
[EventRounds "9"]
[EventCountry "ENG"]
[SourceTitle "CB02_2025"]
[SourceDate "2025.01.08"]
[SourceVersion "1"]
[SourceVersionDate "2025.01.08"]
[SourceQuality "1"]

1. e4 e5 2. Nc3 Nf6 3. f4 d5 4. fxe5 Nxe4 5. Qf3 Nxc3 6. bxc3 c5 7. Bb5+ Nc6 8. Ne2 Be7 9. 0-0 0-0 10. Bxc6 bxc6 11. d4 f6 12. Qg3 Kh8 13. Bf4 Ba6 14. Rfe1 fxe5 15. Bxe5 Bf6 16. Nf4 Bxe5 17. dxe5 Qe7 18. Rab1 Rf5 19. h4 Raf8 20. Nh3 Bc4 21. a3 h6 22. e6 Bb5 23. Re5 Qf6 24. Rxf5 Qxf5 25. Re1 Re8 26. Qd6 Qf6 27. h5 Rd8 28. Qc7 Re8 29. e7 Kg8 30. Re3 d4 31. Qd7 Qf7 32. Re5 Bc4 33. Nf4 Kh7 34. Ng6 Rb8 35. e8Q Qf1+ 36. Kh2 Bd5 37. Rxd5 1-0